000 02274nam0a2200361 4500
001 RU\NLR\BIBL_A\022733862
005 20260510042751.0
010 _a978-5-91728-356-2
_9200
021 _aRU
_bКН-П-25-082962
_9КН-П-25-8030
035 _a(NLR Aleph) 022733862
090 _a13701802
_c13701802
100 _a20260220d2025 u y0rusy50 ca
101 0 _arus
102 _aRU
105 _ay z 000ay
181 0 _ai
_baxxe
182 0 _an
200 1 _aПрыжок над бездной
_eконтакты неизвестного порядка
_eконкурс фантастического рассказа
_eсборник победителей конкурса им. Сергея Снегова, [3 июня – 30 октября 2024 года]
_fсоставитель и автор: Екатерина Смолева
203 _aТекст
_bвизуальный
_cнепосредственный
210 _aКалининград
_cСтраж Балтики
_d2025
215 _a199 с.
_d19
300 _aНа обл.: Конкурс "Прыжок над бездной". Контакты неизвестного порядка : сборник рассказов
327 1 _aСодерж. разд.: На грани реальности ; Контакты неизвестного порядка ; Люди иного завтра ; Чудеса повседневности
512 1 _aКонкурс "Прыжок над бездной". Контакты неизвестного порядка
_eсборник рассказов
686 2 _aШ6(2=Р)8-445
702 1 _aСмолева
_bЕ. В.
_f1977-
_gЕкатерина Владимировна
_4220
711 1 2 _a"Прыжок над бездной", международный литературный фестиваль-конкурс фантастического рассказа
_d3
_eКалининград
_f2024
_92700056
_3RU\NLR\AUTH\880639771
942 _cBOOK
980 _aNB